Ptáci podle obrázku #3 - Statistics

General Stats
  • This quiz has been taken 18 times
  • The average score is 9 of 20
Answer Stats
Picture Answer % Correct
Racek mořský
100%
Vrána černá
100%
Datel černý
94%
Sokol stěhovavý
88%
Káně lesní
75%
Kavka obecná
69%
Puštík obecný
69%
Špaček obecný
56%
Rorýs obecný
50%
Drop velký
38%
Kalous ušatý
38%
Kulíšek nejmenší
38%
Sýkora uhelníček
31%
Potápka roháč
19%
Vlha pestrá
19%
Strnad obecný
13%
Kvakoš noční
6%
Pěnice bělohrdlá
0%
Potápka žlutorohá
0%
Sýkora azurová
0%
No matching quizzes found
Score Distribution
Percent of People with Each Score
Percentile by Number Answered
Your Score History
You have not taken this quiz